| 000 | 00915nam0a22002531 4500 | ||
|---|---|---|---|
| 001 | v19\rc\1260054 | ||
| 005 | 20260406163047.0 | ||
| 035 | _a(NLR Aleph) 004414571 | ||
| 090 |
_a4052944 _c4052944 |
||
| 100 | _a20060306d1892 |||y0rusy50 ca | ||
| 101 | 0 | _arus | |
| 102 | _aRU | ||
| 105 | _ay z ||||| | ||
| 200 | 1 | _aСвятые блаженные Василий и Иоанн, Христа ради юродивые, московские чудотворцы | |
| 205 | _a3-е изд. | ||
| 210 |
_aМосква _d1892 |
||
| 702 | 0 |
_4570 _8rus _7ca _aВасилий Блаженный _cсвятой юродивый _f1469-1557 _3RU\NLR\AUTH\779839 _9119639 |
|
| 702 | 0 |
_4570 _7ca _8rus _aИоанн Московский _cсвятой _f-1589 _9226795 _3RU\NLR\AUTH\770226851 |
|
| 801 | 0 |
_aRU _bNLR _gpsbo |
|
| 801 | 1 |
_aRU _bProSoft-M _2rusmarc |
|
| 852 |
_aNLR _jDesideratum |
||
| 942 | _cBOOK | ||
| 980 | _aNB | ||